LIBRARY & INFORMATION CENTRE, KCAET, TAVANUR

ONLINE PUBLIC ACCESS CATALOGUE (OPAC)

Shaping Our Times / (Record no. 1239)

MARC details
000 -LEADER
fixed length control field 00410cam a2200169ua 4500
041 ## - LANGUAGE CODE
Language code of text/sound track or separate title eng
082 ## - DEWEY DECIMAL CLASSIFICATION NUMBER
Classification number 930
Item number COU/SH
100 ## - MAIN ENTRY--AUTHOR NAME
Personal name Courlander, Harold .
245 ## - TITLE STATEMENT
Title Shaping Our Times /
260 ## - PUBLICATION, DISTRIBUTION, ETC. (IMPRINT)
Place of publication Madras :
Name of publisher Higginbothams limited ,
Year of publication 1967.
300 ## - PHYSICAL DESCRIPTION
Number of Pages 226 ; .
942 ## - ADDED ENTRY ELEMENTS (KOHA)
Koha item type Books
Holdings
Withdrawn status Lost status Damaged status Home library Current library Date acquired Full call number Accession Number Koha item type
Withdrawn     KAUAET Malayalam University 07/04/2012 930 10982 Books
free website counter